Tóth Károly
Elmentve itt :
| Szerző: | |
|---|---|
| Dokumentumtípus: | Cikk |
| Megjelent: |
1928
|
| Sorozat: | Széphalom
2 |
| Kulcsszavak: | Tóth Károly, Társadalomtudomány |
| Online Access: | http://acta.bibl.u-szeged.hu/20271 |
| LEADER | 00540nab a2200169 i 4500 | ||
|---|---|---|---|
| 001 | acta20271 | ||
| 005 | 20210722152511.0 | ||
| 008 | 161015s1928 hu o 0|| hun d | ||
| 040 | |a SZTE Egyetemi Kiadványok Repozitórium |b hun | ||
| 041 | |a hun | ||
| 100 | 1 | |a Moór Gyula | |
| 245 | 1 | 0 | |a Tóth Károly |h [elektronikus dokumentum] / |c Moór Gyula |
| 260 | |c 1928 | ||
| 300 | |a 291-294 | ||
| 490 | 0 | |a Széphalom |v 2 | |
| 695 | |a Tóth Károly, Társadalomtudomány | ||
| 856 | 4 | 0 | |u http://acta.bibl.u-szeged.hu/20271/1/szephalom_002_291-294.pdf |z Dokumentum-elérés |